000 00462nam a22001817a 4500
003 CEME
005 20210628202704.0
008 210120b xxu||||| |||| 00| 0 eng d
040 _cceme
082 _a570.15195 ZAR
100 _aZar, Jerrold .H
_940275
245 _aBiostatistical analysis
250 _a4TH
260 _aRAWALPINDI
_bNATIONAL BOOK FOUNDATION
_c2007
300 _aXI, 805 P
650 _aBIOSTATISTICAL ANALYSIS
_961085
942 _cBK
_2ddc
999 _c570643
_d570643